000 00679nam a2200241Ia 4500
005 20250425162734.0
008 250425s9999 xx 000 0 und d
020 _a0471323322
041 _aeng
082 _a658.408
100 _aSCHWARTZ, PETER
245 0 _aWHEN GOOD COMPANIES DO BAD THINGS: RESPONSABILITY AND RISK IN AN AGE OF GLOBALIZATION
250 _a1ST ED.
260 _aEstados Unidos
_bJOHN WILEY & SONS INC
_c1999
260 _aS.L.
300 _a194
500 _aDONADO POR GUILLERMO AROSEMENA
650 _aNEGOCIOS INTERNACIONALES
650 _aRESPONSABILIDAD SOCIAL
710 _aJOHN WILEY & SOSN, INC
942 _c01
010 _a104403
999 _c235447
_d235447